Membres et Parties du corps Taekwondo - Statistiques

Statistiques générales
  • Ce quiz a été pris 17 fois
  • Le résultat moyen est 7 sur 28
Statistiques - réponses
Français Coréen % Correct
Le bras Pal
85%
Tranchant de la main Sonnal
69%
Le coude Palkoup
62%
La main Sonn
62%
Le pied Bal
54%
Le poing Joumok
38%
Revers du poing Deung joumok
31%
Marteau du poing Me joumok
31%
Le tranchant externe du pied Balnal
23%
Tranchant de l’avant bras (côté radius -> gauche quand main vers ciel) Palmok
23%
Le bol du pied (dessous des métatarsiens) Ap tchouk
15%
Le dessus du pied Baldeung
15%
Le tranchant interne du pied Balnal deung
15%
La paume Batangsonn
15%
Le genou Moureup
15%
L’extrémité des doigts Pyon sonn keut
15%
Tranchant de la main côté pouce Sonnal deung
15%
Le poignet Sonn mok
15%
La palme de la main A gui sonn
8%
Tranchant de l’avant bras (côté cubitus -> droite quand main vers ciel) Bakkat palmok
8%
Extrémité du pied (phalanges) Bal keut
8%
La plante du pied Balpadak
8%
Talon d’Achille Dwitt koumtchi
8%
Le talon Dwitt tchouk
8%
Un pied Han pal
8%
Tranchant du talon (côté calcanéum) Balnal Dwitt tchouk
0%
Un pas Han goreum
0%
Un pas et demi Han goreum ban
0%
Aucun quiz correspondant
Distribution des résultats
% des personnes avec chaque résultat
Percentile par nombre de réponses
Votre historique - résultats
Vous n’avez pas pris ce quiz